[Event "Gibtelecom ChallWk1 7th"]
[Site "Gibraltar"]
[Date "2009.01.27"]
[Round "1.1"]
[White "Natalicchio Escalante, Nicolas"]
[Black "Lyons, Brendan"]
[Result "1/2-1/2"]
[WhiteElo "2238"]
[BlackElo "2060"]
[PlyCount "102"]
[EventDate "2009.01.27"]
[EventType "swiss"]
[EventRounds "5"]
[EventCountry "GGB"]
[SourceTitle "BritBase"]
[Source "www.saund.co.uk"]
[SourceDate "2018.02.10"]
[SourceVersion "1"]
[SourceVersionDate "2018.02.10"]
[SourceQuality "1"]

1. d4 d5 2. c4 e6 3. Nf3 Nf6 4. g3 Be7 5. Bg2 O-O 6. O-O b6 7. Ne5 Bb7 8. Nc3
Nbd7 9. Qa4 Nxe5 10. dxe5 Nd7 11. cxd5 exd5 12. Nxd5 c6 13. Nxe7+ Qxe7 14. f4
Qc5+ 15. e3 b5 16. Qd4 Rad8 17. Bd2 Qb6 18. Qxb6 Nxb6 19. Bb4 Rfe8 20. b3 Nd5
21. Bc5 a6 22. Rac1 f6 23. e4 Ne7 24. exf6 gxf6 25. Rfd1 Ng6 26. Kf2 Nf8 27.
Bxf8 Kxf8 28. Rxd8 Rxd8 29. Ke3 Ke7 30. Bf3 Rd6 31. Rc5 Kd8 32. Rh5 Rd7 33. Rh6
c5 34. Be2 Re7 35. Bd3 Bxe4 36. Bxe4 f5 37. Rd6+ Kc7 38. Rd5 Rxe4+ 39. Kd3 c4+
40. bxc4 Rxc4 41. Rxf5 Ra4 42. Rc5+ Kd6 43. Rc2 Kd5 44. Kc3 Ra3+ 45. Kb2 Rf3
46. Re2 Kc4 47. Kc2 a5 48. Re4+ Kd5 49. Re5+ Kc4 50. Re4+ Kd5 51. Re2 Kc4
1/2-1/2

[Event "Gibtelecom ChallWk1 7th"]
[Site "Gibraltar"]
[Date "2009.01.27"]
[Round "1.3"]
[White "Daoudi, Kamal"]
[Black "Obiamiwe, Paul"]
[Result "1-0"]
[WhiteElo "2209"]
[BlackElo "2035"]
[PlyCount "57"]
[EventDate "2009.01.27"]
[EventType "swiss"]
[EventRounds "5"]
[EventCountry "GGB"]
[SourceTitle "BritBase"]
[Source "www.saund.co.uk"]
[SourceDate "2018.02.10"]
[SourceVersion "1"]
[SourceVersionDate "2018.02.10"]
[SourceQuality "1"]

1. e4 c5 2. Nf3 d6 3. d4 cxd4 4. Qxd4 Nc6 5. Bb5 Bd7 6. Bxc6 Bxc6 7. Nc3 Nf6 8.
Bg5 e6 9. O-O-O Be7 10. Rhe1 Qc7 11. Kb1 a6 12. Nd5 Bxd5 13. exd5 e5 14. Nxe5
dxe5 15. Rxe5 O-O-O 16. Be3 Bd6 17. Rg5 Rhe8 18. Rd3 Re4 19. Qa7 Rde8 20. Rxg7
Ng4 21. Rc3 Rc4 22. Rxg4 Rxc3 23. bxc3 Qxc3 24. Qd4 Qe1+ 25. Bc1 Ba3 26. Qc4+
Kd7 27. Qa4+ Kd8 28. Qf4 Re4 29. Qg5+ 1-0

[Event "Gibtelecom ChallWk1 7th"]
[Site "Gibraltar"]
[Date "2009.01.27"]
[Round "1.4"]
[White "Suez-Panama, Gilles"]
[Black "Kvisla, Johannes Luangtep"]
[Result "0-1"]
[WhiteElo "2032"]
[BlackElo "2208"]
[PlyCount "70"]
[EventDate "2009.01.27"]
[EventType "swiss"]
[EventRounds "5"]
[EventCountry "GGB"]
[SourceTitle "BritBase"]
[Source "www.saund.co.uk"]
[SourceDate "2018.02.10"]
[SourceVersion "1"]
[SourceVersionDate "2018.02.10"]
[SourceQuality "1"]

1. d4 Nf6 2. Nf3 d5 3. c4 e6 4. g3 Bb4+ 5. Bd2 Be7 6. Bg2 O-O 7. Nc3 c6 8. Qc2
dxc4 9. Rd1 a5 10. Ne5 Na6 11. a3 Nc7 12. Bg5 h6 13. h4 Ncd5 14. Bc1 Nxc3 15.
bxc3 Nd7 16. g4 Nxe5 17. dxe5 Qc7 18. g5 Qxe5 19. gxh6 f5 20. Rh3 Rf7 21. Be3
gxh6 22. Rg3+ Kh7 23. Bd4 Qc7 24. h5 Bg5 25. Bc5 Rd7 26. e3 b6 27. Bd4 Rf7 28.
f4 Bh4 29. Qf2 Bb7 30. Ke2 Bxg3 31. Qxg3 Rg8 32. Qf3 c5 33. Qxb7 Qxb7 34. Bxb7
cxd4 35. Bf3 d3+ 0-1

[Event "Gibtelecom ChallWk1 7th"]
[Site "Gibraltar"]
[Date "2009.01.27"]
[Round "1.5"]
[White "Getz, Nicolai"]
[Black "Dasaolu, Adeoye"]
[Result "1-0"]
[WhiteElo "2190"]
[BlackElo "2024"]
[PlyCount "67"]
[EventDate "2009.01.27"]
[EventType "swiss"]
[EventRounds "5"]
[EventCountry "GGB"]
[SourceTitle "BritBase"]
[Source "www.saund.co.uk"]
[SourceDate "2018.02.10"]
[SourceVersion "1"]
[SourceVersionDate "2018.02.10"]
[SourceQuality "1"]

1. e4 c5 2. Nf3 e6 3. d4 cxd4 4. Nxd4 a6 5. Bd3 Nf6 6. O-O d6 7. Be3 Be7 8. a4
Qc7 9. Nc3 Nc6 10. f4 O-O 11. Kh1 e5 12. Nxc6 bxc6 13. fxe5 dxe5 14. a5 Be6 15.
Na4 c5 16. Nb6 Ra7 17. Qe2 Qb7 18. Bg5 Rd8 19. Rae1 Rd4 20. c3 Rd8 21. Bc4 Bxc4
22. Qxc4 Qc6 23. Rf5 Qd6 24. Bxf6 gxf6 25. Nd5 Rb7 26. Qe2 Qe6 27. Ref1 Rxd5
28. exd5 Qxd5 29. Qxa6 Rxb2 30. Qc8+ Qd8 31. Qc6 Ra2 32. a6 Qd3 33. R5f3 Qxa6
34. Qe8+ 1-0

[Event "Gibtelecom ChallWk1 7th"]
[Site "Gibraltar"]
[Date "2009.01.27"]
[Round "1.6"]
[White "Pettersen, Joar Gullestad"]
[Black "Kozlov, Oleg"]
[Result "0-1"]
[WhiteElo "2016"]
[BlackElo "2187"]
[PlyCount "100"]
[EventDate "2009.01.27"]
[EventType "swiss"]
[EventRounds "5"]
[EventCountry "GGB"]
[SourceTitle "BritBase"]
[Source "www.saund.co.uk"]
[SourceDate "2018.02.10"]
[SourceVersion "1"]
[SourceVersionDate "2018.02.10"]
[SourceQuality "1"]

1. e4 c5 2. Nf3 e6 3. d4 cxd4 4. Nxd4 a6 5. Bd3 Qb6 6. Nb3 Qc7 7. O-O Nf6 8.
Qe2 d6 9. Nc3 Nbd7 10. f4 b5 11. a4 b4 12. Na2 Bb7 13. Kh1 d5 14. e5 Ne4 15.
Be3 Be7 16. Rac1 O-O 17. c4 Qb8 18. c5 Rc8 19. Bxe4 dxe4 20. Nxb4 a5 21. Qb5
axb4 22. Qxd7 Rc7 23. Qb5 Qc8 24. Qxb4 Bd5 25. Nd2 Rb7 26. Qa3 Qb8 27. Bd4 Rb4
28. Qe3 Rbxa4 29. Bc3 Qb5 30. b4 Ra3 31. Qd4 Rd8 32. Qe3 Bc6 33. Qe1 Rd3 34.
Nb1 Rb3 35. h3 e3 36. Kh2 Qc4 37. Qe2 Qe4 38. Rf3 Rxb1 39. Rxb1 Rxc3 40. Rb2
Qd4 41. Rf1 Be4 42. Rd1 Rd3 43. Rdb1 g6 44. b5 Bxc5 45. b6 Bb7 46. Rc2 Qxf4+
47. g3 Qe4 48. Rf1 Bxb6 49. Rb1 Rd2 50. Rxd2 exd2 0-1

[Event "Gibtelecom ChallWk1 7th"]
[Site "Gibraltar"]
[Date "2009.01.27"]
[Round "1.7"]
[White "Hagesaether, Arne"]
[Black "Cafolla, Peter"]
[Result "1-0"]
[WhiteElo "2184"]
[BlackElo "2013"]
[PlyCount "61"]
[EventDate "2009.01.27"]
[EventType "swiss"]
[EventRounds "5"]
[EventCountry "GGB"]
[SourceTitle "BritBase"]
[Source "www.saund.co.uk"]
[SourceDate "2018.02.10"]
[SourceVersion "1"]
[SourceVersionDate "2018.02.10"]
[SourceQuality "1"]

1. e4 c5 2. Nc3 a6 3. f4 b5 4. Nf3 Bb7 5. d3 e6 6. Qe2 b4 7. Nd1 d5 8. exd5
Qxd5 9. Ne3 Qh5 10. g4 Bxf3 11. Qxf3 Qh4+ 12. Qg3 Qxg3+ 13. hxg3 Nc6 14. Bg2
Nge7 15. Rh5 Rc8 16. Rxc5 Nd5 17. Rc4 Nxe3 18. Bxe3 Kd7 19. O-O-O Bd6 20. Rh1
h6 21. Rh5 g6 22. Rh1 Ne7 23. Bd4 Rh7 24. Bb7 Rxc4 25. dxc4 Nc6 26. Bb6 Rh8 27.
c5 Nd4 28. Rd1 e5 29. c3 bxc3 30. bxc3 Rb8 31. Bxa6 1-0

[Event "Gibtelecom ChallWk1 7th"]
[Site "Gibraltar"]
[Date "2009.01.27"]
[Round "1.8"]
[White "Bryn, Askild"]
[Black "Lovik, Lasse Ostebo"]
[Result "0-1"]
[WhiteElo "2006"]
[BlackElo "2184"]
[PlyCount "36"]
[EventDate "2009.01.27"]
[EventType "swiss"]
[EventRounds "5"]
[EventCountry "GGB"]
[SourceTitle "BritBase"]
[Source "www.saund.co.uk"]
[SourceDate "2018.02.10"]
[SourceVersion "1"]
[SourceVersionDate "2018.02.10"]
[SourceQuality "1"]

1. e4 c5 2. d4 cxd4 3. c3 Nf6 4. e5 Nd5 5. Qf3 e6 6. cxd4 Nc6 7. Ne2 d6 8. exd6
Bxd6 9. Nbc3 Ndb4 10. Qe4 f5 11. Qb1 e5 12. d5 Nd4 13. Nxd4 exd4 14. Bb5+ Bd7
15. Qxf5 Qe7+ 16. Kd1 dxc3 17. Bg5 O-O-O 18. Bxe7 Bxf5 0-1

[Event "Gibtelecom ChallWk1 7th"]
[Site "Gibraltar"]
[Date "2009.01.27"]
[Round "1.9"]
[White "Salem, Ihab"]
[Black "Demac, Elias"]
[Result "0-1"]
[WhiteElo "2171"]
[BlackElo "1993"]
[PlyCount "170"]
[EventDate "2009.01.27"]
[EventType "swiss"]
[EventRounds "5"]
[EventCountry "GGB"]
[SourceTitle "BritBase"]
[Source "www.saund.co.uk"]
[SourceDate "2018.02.10"]
[SourceVersion "1"]
[SourceVersionDate "2018.02.10"]
[SourceQuality "1"]

1. e4 c5 2. c3 Nf6 3. e5 Nd5 4. d4 cxd4 5. Nf3 e6 6. Bc4 Nb6 7. Bd3 dxc3 8.
Nxc3 d5 9. exd6 Bxd6 10. O-O Nc6 11. Qe2 O-O 12. Rd1 Qe7 13. Ne4 Nd5 14. Nxd6
Qxd6 15. Ng5 f5 16. Bc4 Nce7 17. b3 Rf6 18. Bb2 Rg6 19. Be5 Qd8 20. Qh5 h6 21.
Nh3 Kh7 22. Qf3 Qa5 23. Nf4 Nxf4 24. Bxf4 e5 25. Bd2 Qb6 26. Bc3 e4 27. Qf4 Qc6
28. Bb4 Rg4 29. Qd6 e3 30. Qxc6 exf2+ 31. Kxf2 Nxc6 32. Bc3 Re4 33. Rd6 Ne5 34.
Bxe5 Rxe5 35. Rc1 b5 36. Bd5 Rb8 37. Rd8 Rxd5 38. Rxd5 Be6 39. Re5 Rb6 40. Rc7
Ra6 41. Ke3 Kg6 42. Rxb5 Rxa2 43. Rbb7 Kf6 44. Rxg7 Rb2 45. Rh7 Bd5 46. Rxa7
Rxb3+ 47. Kd4 Bxg2 48. Rxh6+ Kg5 49. Rh8 Kf4 50. Rh4+ Kf3 51. Ke5 Rb5+ 52. Kd4
Rb4+ 53. Ke5 Rxh4 54. Kxf5 Rxh2 55. Ra3+ Ke2 56. Ra2+ Kd3 57. Ra3+ Kd4 58. Ra4+
Kc5 59. Ra5+ Kb6 60. Ra1 Bc6 61. Rb1+ Bb5 62. Ke5 Rc2 63. Kd4 Rc5 64. Rb2 Kc6
65. Rh2 Bc4 66. Rh6+ Kb5 67. Rh8 Rd5+ 68. Ke4 Kb4 69. Rb8+ Kc3 70. Rc8 Rd4+ 71.
Ke5 Rd5+ 72. Ke4 Rd7 73. Ke5 Re7+ 74. Kd6 Re6+ 75. Kd7 Rh6 76. Ke7 Kd4 77. Ra8
Ke5 78. Ra5+ Bd5 79. Kf8 Kf6 80. Ke8 Rh7 81. Ra1 Ke6 82. Ra6+ Ke5 83. Ra5 Kd6
84. Ra6+ Bc6+ 85. Kf8 Rc7 0-1

[Event "Gibtelecom ChallWk1 7th"]
[Site "Gibraltar"]
[Date "2009.01.27"]
[Round "1.10"]
[White "Madland, Kristoffer"]
[Black "Vea, Odin Blikra"]
[Result "0-1"]
[WhiteElo "1992"]
[BlackElo "2169"]
[PlyCount "140"]
[EventDate "2009.01.27"]
[EventType "swiss"]
[EventRounds "5"]
[EventCountry "GGB"]
[SourceTitle "BritBase"]
[Source "www.saund.co.uk"]
[SourceDate "2018.02.10"]
[SourceVersion "1"]
[SourceVersionDate "2018.02.10"]
[SourceQuality "1"]

1. e4 e5 2. Nf3 Nc6 3. Bc4 Nf6 4. d3 Be7 5. Nc3 d6 6. h3 Na5 7. O-O Nxc4 8.
dxc4 O-O 9. Be3 b6 10. b3 Bb7 11. Nd2 Nxe4 12. Ndxe4 f5 13. Nd5 fxe4 14. Qg4
Bc8 15. Qxe4 Bf5 16. Nxe7+ Qxe7 17. Qd5+ Kh8 18. c3 Qh4 19. Qd2 Bxh3 20. gxh3
Rf3 21. Rfe1 Qxh3 22. Qe2 Qg4+ 23. Kf1 Raf8 24. Red1 Qh4 25. Ke1 g5 26. a3 g4
27. Ra2 Qh2 28. Rd3 Kg8 29. Kd1 g3 30. fxg3 Rf1+ 31. Kd2 R1f2 32. Bxf2 Rxf2 33.
Re3 Rxe2+ 34. Rxe2 Qxg3 35. Ra1 Qf4+ 36. Kc2 Kf7 37. Rh1 Ke8 38. Kb2 h6 39. Rh5
Kf7 40. Reh2 Kg6 41. R5h4 Qg5 42. R4h3 h5 43. b4 Qg4 44. Rh4 Qd1 45. Rg2+ Kf5
46. Rhh2 e4 47. Rd2 Qe1 48. Rxh5+ Kf4 49. Rhh2 e3 50. Rde2 Qd1 51. Rc2 a5 52.
Kb3 d5 53. cxd5 Qxd5+ 54. c4 Qd3+ 55. Ka4 Qd7+ 56. b5 Qd3 57. Rhg2 Kf3 58. Rh2
Qd1 59. Kb3 Ke4 60. Kc3 Qa1+ 61. Kb3 Kd3 62. Rhg2 Qb1+ 63. Rb2 Qd1+ 64. Rbc2
a4+ 65. Kb2 Kd4 66. Rh2 Ke4 67. Rh4+ Kf3 68. Rh3+ Kf4 69. Rh4+ Kg3 70. Rhh2
Qd4+ 0-1

[Event "Gibtelecom ChallWk1 7th"]
[Site "Gibraltar"]
[Date "2009.01.27"]
[Round "1.11"]
[White "Steffenello, Leonard"]
[Black "Helin, Mikael"]
[Result "1-0"]
[WhiteElo "2164"]
[BlackElo "1974"]
[PlyCount "63"]
[EventDate "2009.01.27"]
[EventType "swiss"]
[EventRounds "5"]
[EventCountry "GGB"]
[SourceTitle "BritBase"]
[Source "www.saund.co.uk"]
[SourceDate "2018.02.10"]
[SourceVersion "1"]
[SourceVersionDate "2018.02.10"]
[SourceQuality "1"]

1. d4 g6 2. c4 Bg7 3. Nc3 d6 4. e4 Nc6 5. Nge2 e5 6. d5 Nce7 7. h4 f5 8. h5 f4
9. hxg6 Nxg6 10. g3 Bg4 11. Qa4+ Bd7 12. Qb3 Bh6 13. Bh3 Bg5 14. Bxd7+ Qxd7 15.
Qxb7 Qd8 16. Nb5 Rc8 17. Bd2 h6 18. Ba5 Rh7 19. c5 Nf6 20. cxd6 Nxe4 21. Qc6+
Qd7 22. Nxc7+ Kf8 23. Qc2 Nxf2 24. Qxg6 Qf7 25. Qxf7+ Rxf7 26. Kxf2 fxg3+ 27.
Kxg3 Kg8 28. Raf1 Rcf8 29. Rxf7 Rxf7 30. Ne6 Be3 31. Bc3 e4 32. N2f4 1-0

[Event "Gibtelecom ChallWk1 7th"]
[Site "Gibraltar"]
[Date "2009.01.27"]
[Round "1.12"]
[White "Kouchak, Jason"]
[Black "Byron, Alan M"]
[Result "0-1"]
[WhiteElo "1960"]
[BlackElo "2162"]
[PlyCount "70"]
[EventDate "2009.01.27"]
[EventType "swiss"]
[EventRounds "5"]
[EventCountry "GGB"]
[SourceTitle "BritBase"]
[Source "www.saund.co.uk"]
[SourceDate "2018.02.10"]
[SourceVersion "1"]
[SourceVersionDate "2018.02.10"]
[SourceQuality "1"]

1. d4 Nf6 2. Nf3 g6 3. Bg5 Bg7 4. Nbd2 d5 5. Bxf6 Bxf6 6. e3 Bf5 7. c3 c6 8. h3
h5 9. Nb3 Nd7 10. Bd3 e6 11. Qc2 Qc7 12. a4 h4 13. e4 dxe4 14. Bxe4 O-O-O 15.
O-O Qf4 16. Rfe1 g5 17. Qd2 Qxd2 18. Nbxd2 g4 19. hxg4 Bxg4 20. Nh2 Bh5 21. Nc4
Kc7 22. b4 Nb6 23. Na5 Nd5 24. Rac1 Bg5 25. Rc2 Bf4 26. b5 Nf6 27. Bd3 Rdg8 28.
f3 Bg3 29. Rb1 h3 30. Nf1 Bf4 31. g4 Nxg4 32. fxg4 Bxg4 33. Kf2 h2 34. Nxh2
Rxh2+ 35. Kg1 Be2+ 0-1

[Event "Gibtelecom ChallWk1 7th"]
[Site "Gibraltar"]
[Date "2009.01.27"]
[Round "1.13"]
[White "Perez Aleman, Pedro Tomas"]
[Black "Olsson, Roland"]
[Result "1-0"]
[WhiteElo "2160"]
[BlackElo "1938"]
[PlyCount "92"]
[EventDate "2009.01.27"]
[EventType "swiss"]
[EventRounds "5"]
[EventCountry "GGB"]
[SourceTitle "BritBase"]
[Source "www.saund.co.uk"]
[SourceDate "2018.02.10"]
[SourceVersion "1"]
[SourceVersionDate "2018.02.10"]
[SourceQuality "1"]

1. Nf3 Nf6 2. c4 c5 3. Nc3 g6 4. e4 d6 5. d4 cxd4 6. Nxd4 Bg7 7. Be2 O-O 8. O-O
Nbd7 9. Be3 Nc5 10. f3 Bd7 11. Qd2 b6 12. Rac1 Ne8 13. Nd5 e5 14. Nb5 Ne6 15.
Rfd1 f5 16. exf5 gxf5 17. Ndc3 Bc6 18. Nxd6 Qf6 19. Nd5 Qd8 20. Nb4 Qd7 21.
Nxf5 Qxd2 22. Rxd2 Rxf5 23. Nxc6 Rf7 24. c5 bxc5 25. Bc4 N8c7 26. Rcd1 Nd4 27.
Bxd4 cxd4 28. f4 exf4 29. Rxd4 Bxd4+ 30. Rxd4 Kg7 31. Bxf7 Kxf7 32. Rd7+ Ke6
33. Rxc7 Kd6 34. Rxa7 Re8 35. Nd4 Kd5 36. Rd7+ Ke4 37. Kf2 h5 38. Ne2 Rb8 39.
b3 Rc8 40. Rd4+ Ke5 41. Rxf4 Rc2 42. a4 Rb2 43. b4 Ra2 44. a5 Kd6 45. Rh4 Kc7
46. Rxh5 Ra3 1-0

[Event "Gibtelecom ChallWk1 7th"]
[Site "Gibraltar"]
[Date "2009.01.27"]
[Round "1.14"]
[White "Haug, Marianne Wold"]
[Black "Erdelyi, Tamas"]
[Result "1/2-1/2"]
[WhiteElo "1935"]
[BlackElo "2152"]
[PlyCount "102"]
[EventDate "2009.01.27"]
[EventType "swiss"]
[EventRounds "5"]
[EventCountry "GGB"]
[SourceTitle "BritBase"]
[Source "www.saund.co.uk"]
[SourceDate "2018.02.10"]
[SourceVersion "1"]
[SourceVersionDate "2018.02.10"]
[SourceQuality "1"]

1. e4 c5 2. Nf3 e6 3. d4 cxd4 4. Nxd4 a6 5. Nc3 Qc7 6. Bd3 Bc5 7. Nb3 Be7 8. a4
b6 9. O-O d6 10. f4 Bb7 11. Qe2 Nd7 12. Bd2 Ngf6 13. Rae1 e5 14. Nc1 O-O 15.
N1a2 Rfe8 16. Kh1 Bf8 17. Nb4 Nc5 18. f5 h6 19. b3 Be7 20. Nbd5 Bxd5 21. Nxd5
Nxd5 22. exd5 Bf6 23. Be4 Rec8 24. Qg4 Kf8 25. Rc1 Qe7 26. Qf3 Bg5 27. Be3 Bxe3
28. Qxe3 Qg5 29. Qe1 Rc7 30. Rb1 Qg4 31. Bd3 Nxd3 32. cxd3 Rc2 33. Rf2 Rac8 34.
Rxc2 Rxc2 35. Qe4 Qxe4 36. dxe4 Re2 37. Kg1 Rxe4 38. Rc1 Rd4 39. Rc6 Rxd5 40.
Rxb6 a5 41. Kf2 Ke7 42. Ke3 Rc5 43. Ke4 Kd7 44. Rb7+ Rc7 45. Rb5 Rc3 46. Rxa5
Rxb3 47. Ra7+ Kc6 48. Rxf7 Rb4+ 49. Kf3 Rxa4 50. g4 h5 51. Rxg7 Rf4+ 1/2-1/2

[Event "Gibtelecom ChallWk1 7th"]
[Site "Gibraltar"]
[Date "2009.01.27"]
[Round "1.15"]
[White "Green, Andrew D"]
[Black "Gravett, Alan D"]
[Result "1-0"]
[WhiteElo "2136"]
[BlackElo "1869"]
[PlyCount "21"]
[EventDate "2009.01.27"]
[EventType "swiss"]
[EventRounds "5"]
[EventCountry "GGB"]
[SourceTitle "BritBase"]
[Source "www.saund.co.uk"]
[SourceDate "2018.02.10"]
[SourceVersion "1"]
[SourceVersionDate "2018.02.10"]
[SourceQuality "1"]

1. e4 c5 2. Nf3 Nf6 3. Nc3 d6 4. d4 cxd4 5. Nxd4 a6 6. Be3 e5 7. Nf3 b5 8. a4
b4 9. Nd5 Nxe4 10. Bb6 Qd7 11. Nc7+ 1-0

[Event "Gibtelecom ChallWk1 7th"]
[Site "Gibraltar"]
[Date "2009.01.27"]
[Round "1.16"]
[White "Skage, Oystein Aagedal"]
[Black "Machin Arbelo, Pedro Alexi"]
[Result "1-0"]
[WhiteElo "1925"]
[BlackElo "2134"]
[PlyCount "83"]
[EventDate "2009.01.27"]
[EventType "swiss"]
[EventRounds "5"]
[EventCountry "GGB"]
[SourceTitle "BritBase"]
[Source "www.saund.co.uk"]
[SourceDate "2018.02.10"]
[SourceVersion "1"]
[SourceVersionDate "2018.02.10"]
[SourceQuality "1"]

1. e4 c5 2. Nc3 e6 3. f4 Nc6 4. Nf3 Nf6 5. d4 cxd4 6. Nxd4 Bb4 7. Qd3 Bxc3+ 8.
bxc3 d5 9. e5 Ne4 10. a4 Qa5 11. Ra3 a6 12. Be2 Bd7 13. O-O O-O 14. Bf3 Nc5 15.
Nb3 Nxd3 16. Nxa5 Ndxe5 17. Nxb7 Nxf3+ 18. Rxf3 Rfb8 19. Rb3 Ne7 20. Nc5 Bc6
21. g4 Nc8 22. Rf1 Nb6 23. a5 Nd7 24. Rxb8+ Nxb8 25. Ba3 Bb5 26. Re1 g6 27. f5
gxf5 28. gxf5 exf5 29. Kf2 f6 30. Ne6 Nc6 31. Nc7 Rc8 32. Nxd5 Kf7 33. Nb6 Rd8
34. c4 Nd4 35. cxb5 Nxc2 36. Re7+ Kg6 37. Bc5 axb5 38. Re2 Nd4 39. Bxd4 Rxd4
40. a6 Rf4+ 41. Kg1 Rg4+ 42. Rg2 1-0

[Event "Gibtelecom ChallWk1 7th"]
[Site "Gibraltar"]
[Date "2009.01.27"]
[Round "1.17"]
[White "Almond, Richard J"]
[Black "Loberg, Jo Kristian"]
[Result "1/2-1/2"]
[WhiteElo "2126"]
[BlackElo "1923"]
[PlyCount "98"]
[EventDate "2009.01.27"]
[EventType "swiss"]
[EventRounds "5"]
[EventCountry "GGB"]
[SourceTitle "BritBase"]
[Source "www.saund.co.uk"]
[SourceDate "2018.02.10"]
[SourceVersion "1"]
[SourceVersionDate "2018.02.10"]
[SourceQuality "1"]

1. d4 Nf6 2. c4 e6 3. Nc3 Bb4 4. Qc2 O-O 5. a3 Bxc3+ 6. Qxc3 b6 7. Bg5 Bb7 8.
e3 d6 9. f3 Nbd7 10. Bd3 h6 11. Bh4 c5 12. Ne2 Rc8 13. Qb3 cxd4 14. exd4 d5 15.
O-O Rc7 16. Nc3 Ba6 17. Nb5 Bxb5 18. cxb5 Qe7 19. Rae1 Re8 20. f4 Qd6 21. Qd1
g6 22. f5 g5 23. fxe6 fxe6 24. Bg3 e5 25. Rf5 Ne4 26. Bxe4 dxe4 27. Rxe4 Qd5
28. Re1 Rc4 29. Qh5 Re7 30. Qxh6 Rg7 31. Bxe5 Nxe5 32. Rfxe5 Qxd4+ 33. R5e3
Rcc7 34. Qe6+ Rcf7 35. Kh1 Rh7 36. Rf3 Qd7 37. Qg6+ Kh8 38. Rfe3 Rf8 39. Re8
Rhf7 40. Qh6+ Kg8 41. Qxg5+ Rg7 42. Rxf8+ Kxf8 43. Qf6+ Kg8 44. Qe6+ Kh8 45.
Qxd7 Rxd7 46. h4 Rd4 47. g3 Rd7 48. Re2 Rd1+ 49. Kg2 Rd7 1/2-1/2

[Event "Gibtelecom ChallWk1 7th"]
[Site "Gibraltar"]
[Date "2009.01.27"]
[Round "1.18"]
[White "Dickens, Rupert"]
[Black "Haugstad, Espen"]
[Result "0-1"]
[WhiteElo "1872"]
[BlackElo "2114"]
[PlyCount "56"]
[EventDate "2009.01.27"]
[EventType "swiss"]
[EventRounds "5"]
[EventCountry "GGB"]
[SourceTitle "BritBase"]
[Source "www.saund.co.uk"]
[SourceDate "2018.02.10"]
[SourceVersion "1"]
[SourceVersionDate "2018.02.10"]
[SourceQuality "1"]

1. d4 d5 2. Nf3 Nf6 3. e3 e6 4. Bd3 Nbd7 5. O-O Be7 6. b3 O-O 7. Bb2 c5 8. Nbd2
b6 9. Ne5 Bb7 10. Qf3 Qc7 11. Qh3 Ne4 12. f3 Ng5 13. Qh5 f5 14. h4 Nf7 15. f4
Ndxe5 16. fxe5 g6 17. Qf3 Bxh4 18. Qh3 Be7 19. g4 Ng5 20. Qg2 c4 21. gxf5 gxf5
22. Nf3 Rf7 23. Be2 Rg7 24. Kh1 Ne4 25. Qh3 Ng3+ 26. Kh2 Nxf1+ 27. Rxf1 cxb3
28. cxb3 Qc2 0-1

[Event "Gibtelecom ChallWk1 7th"]
[Site "Gibraltar"]
[Date "2009.01.27"]
[Round "1.19"]
[White "Hagen, Anders Gjerdrum"]
[Black "Ribon Calabia, Mariano"]
[Result "1-0"]
[WhiteElo "2110"]
[BlackElo "1864"]
[PlyCount "77"]
[EventDate "2009.01.27"]
[EventType "swiss"]
[EventRounds "5"]
[EventCountry "GGB"]
[SourceTitle "BritBase"]
[Source "www.saund.co.uk"]
[SourceDate "2018.02.10"]
[SourceVersion "1"]
[SourceVersionDate "2018.02.10"]
[SourceQuality "1"]

1. d4 Nf6 2. c4 g6 3. Nc3 Bg7 4. e4 d6 5. f3 O-O 6. Bg5 c5 7. d5 Nbd7 8. Nh3
Re8 9. Be2 Nf8 10. Nf2 a6 11. Qd2 Bd7 12. O-O Qa5 13. a4 Qc7 14. f4 h6 15. Bh4
N6h7 16. Bd3 f6 17. Bg3 Reb8 18. Qe2 Re8 19. Qc2 e5 20. dxe6 Nxe6 21. Nd5 Qd8
22. f5 Nd4 23. Qd1 gxf5 24. Bxd6 Bxa4 25. Rxa4 Qxd6 26. exf5 Ng5 27. Qh5 Re5
28. Ng4 Rxd5 29. cxd5 b5 30. Raa1 Qxd5 31. Rae1 c4 32. Re8+ Rxe8 33. Qxe8+ Kh7
34. Nxf6+ Bxf6 35. Qg6+ Kh8 36. Qxf6+ Kg8 37. Qg6+ Kh8 38. f6 cxd3 39. Qg7# 1-0

[Event "Gibtelecom ChallWk1 7th"]
[Site "Gibraltar"]
[Date "2009.01.27"]
[Round "1.20"]
[White "Palacios Pena, Gerardo"]
[Black "Wheldon, Philip"]
[Result "0-1"]
[WhiteElo "1850"]
[BlackElo "2094"]
[PlyCount "46"]
[EventDate "2009.01.27"]
[EventType "swiss"]
[EventRounds "5"]
[EventCountry "GGB"]
[SourceTitle "BritBase"]
[Source "www.saund.co.uk"]
[SourceDate "2018.02.10"]
[SourceVersion "1"]
[SourceVersionDate "2018.02.10"]
[SourceQuality "1"]

1. d4 d5 2. Nf3 Nf6 3. Bf4 c5 4. c3 Qb6 5. Qb3 e6 6. e3 Nbd7 7. Nbd2 Be7 8. h3
O-O 9. Be2 Ne8 10. g4 c4 11. Qc2 Qd8 12. h4 b5 13. a3 a5 14. Ne5 Nxe5 15. dxe5
Bb7 16. Rh2 b4 17. axb4 axb4 18. Rxa8 Qxa8 19. Nf3 Qa1+ 20. Bd1 b3 21. Qd2 Nc7
22. Nd4 Ra8 23. g5 Ra2 0-1

[Event "Gibtelecom ChallWk1 7th"]
[Site "Gibraltar"]
[Date "2009.01.27"]
[Round "1.21"]
[White "Ercan, Mehmet Fahri"]
[Black "Quinn, Joseph"]
[Result "1-0"]
[WhiteElo "2091"]
[BlackElo "1835"]
[PlyCount "41"]
[EventDate "2009.01.27"]
[EventType "swiss"]
[EventRounds "5"]
[EventCountry "GGB"]
[SourceTitle "BritBase"]
[Source "www.saund.co.uk"]
[SourceDate "2018.02.10"]
[SourceVersion "1"]
[SourceVersionDate "2018.02.10"]
[SourceQuality "1"]

1. d4 Nf6 2. c4 e6 3. a3 b6 4. Nc3 Bb7 5. Nf3 d5 6. e3 Be7 7. Bd3 c5 8. cxd5
Nxd5 9. e4 Nf6 10. dxc5 Bxc5 11. O-O O-O 12. e5 Nfd7 13. Bxh7+ Kh8 14. Ng5 g6
15. Qg4 Nxe5 16. Qh3 Qd3 17. Qh4 Kg7 18. Nge4 Bxe4 19. Bh6+ Kxh7 20. Bg5+ Kg7
21. Bf6+ 1-0

[Event "Gibtelecom ChallWk1 7th"]
[Site "Gibraltar"]
[Date "2009.01.27"]
[Round "1.22"]
[White "Manetto, Luis"]
[Black "Horton-Kitchlew, Andrew"]
[Result "0-1"]
[WhiteElo "1602"]
[BlackElo "2084"]
[PlyCount "100"]
[EventDate "2009.01.27"]
[EventType "swiss"]
[EventRounds "5"]
[EventCountry "GGB"]
[SourceTitle "BritBase"]
[Source "www.saund.co.uk"]
[SourceDate "2018.02.10"]
[SourceVersion "1"]
[SourceVersionDate "2018.02.10"]
[SourceQuality "1"]

1. e4 d6 2. d4 Nf6 3. Nc3 Nbd7 4. Nf3 a6 5. Bg5 h6 6. Bh4 g5 7. Bg3 b5 8. e5 b4
9. exf6 bxc3 10. bxc3 Nxf6 11. h3 Ne4 12. Qd3 Bf5 13. Qe3 Nxg3 14. fxg3 Bxc2
15. Rc1 Bg6 16. Bc4 e6 17. O-O Be7 18. Rce1 Qd7 19. Rd1 O-O 20. Nh2 d5 21. Bd3
Bxd3 22. Rxd3 f5 23. Nf3 Bd6 24. Ne5 Bxe5 25. Qxe5 Qd6 26. Qxd6 cxd6 27. Rb1
Rfb8 28. Rb3 Kf7 29. Kf2 Rxb3 30. axb3 Rb8 31. b4 a5 32. bxa5 Ra8 33. Rd2 Rxa5
34. Ke3 Ra3 35. Rc2 e5 36. Kf2 Ke6 37. g4 fxg4 38. hxg4 exd4 39. c4 d3 40.
cxd5+ Kxd5 41. Rd2 Kd4 42. g3 d5 43. Ke1 Ra1+ 44. Kf2 Rh1 45. Kf3 Rf1+ 46. Kg2
Re1 47. Kf2 Re2+ 48. Rxe2 dxe2 49. Kxe2 Kc3 50. Ke1 Kc2 0-1